000 01959cam a2200349 i 4500
001 19602817
003 OSt
005 20230626135420.0
008 170419s2018 nyu b 001 0 eng
010 _a 2017014970
020 _a9781138693500 (hardback : alk. paper)
020 _a9781138693524 (pbk. : alk. paper)
020 _z9781315530536 (ebook)
040 _aDLC
_beng
_cDLC
_erda
_dDLC
042 _apcc
050 0 0 _aJF1351.H45
082 0 0 _a351.73
_223
100 1 _aHenry, Nicholas,
_eauthor.
_91897
245 1 0 _aPublic administration and public affairs /
_cNicholas Henry.
250 _aThirteenth Edition.
264 1 _aNew York :
_bRoutledge, Taylor & Francis Group,
_c2018.
300 _axx, 514 pages ;
_c25 cm
336 _atext
_btxt
_2rdacontent
337 _aunmediated
_bn
_2rdamedia
338 _avolume
_bnc
_2rdacarrier
504 _aIncludes bibliographical references and index.
505 _aContents : part 1: In defense of governing well : Big democracy, big bureaucrary -- Paradigms of public administration -- Part 2 :Public and nonprofit organizations : The thread of organization: Theories -- The fabric of organization: forces -- The fibers of organizations: people -- Part 3: Public and nonprofit management: curbing corruption, enhancing efficiency : Clarifying complexity: the public's information resource -- The Constant quest: efficient and effective governanace -- The public trough : financing and budgeting governments -- Managing human capital in the public and nonprofit sectors -- Part 4: Implementing public policy : Understanding and improving public poicy -- Intersectoral administration -- Intergovernmental administration -- Toward a bureaucratic ethic
650 0 _aPublic administration.
_91898
906 _a7
_bcbc
_corignew
_d1
_eecip
_f20
_gy-gencatlg
942 _2lcc
_cBK
999 _c8657
_d16157